000 00537cam a2200181u 4500
001 000001402
005 20200929145552.0
008 860227q19uu cu a 001 0 spa d
040 _aDO-SdBNP
_bspa
_cBNPHU
082 _axxx
_bM311m
245 0 4 _aLas maravillas del mundo y del hombre.
260 _aLa Habana :
_bGonzález Porto,
_c[190-?].
300 _av :
_bil ;
_c28 cm.
500 _aLa biblioteca posee el tomo de Europa
500 _aIncluye índice
500 _aIncluye nota al pie de las páginas
650 0 _aGeography.
_94696
999 _c1323
_d1323